| 000 | 00604nam a2200193Ii 4500 | ||
|---|---|---|---|
| 003 | JO-AjNU | ||
| 008 | 230605s9999||||xx |||||||||||||| ||und|| | ||
| 040 |
_aJO-AjNU _bara _erda _cJO-AjNU |
||
| 041 | _aara | ||
| 050 | 1 | 4 | _aBP144.S246 1900 |
| 100 | 3 |
_aالسايس، محمد علي, _eauthor _914014 |
|
| 245 | 0 | 0 | _aنشأة الفقه الإجتهادي وأطواره |
| 264 | 3 | 1 | _aد.م: د.ن، د.ت |
| 300 | _a112ص | ||
| 336 |
_atext _btxt _2rdacontent |
||
| 337 |
_aunmediated _bn _2rdamedia |
||
| 338 |
_avolume _bnc _2rdacarrier |
||
| 650 | 4 |
_aاجتهاد- فقه اسلامي- اصول _914015 |
|
| 999 |
_aA3636 _c7204 _d7204 |
||